Phác thảo lịch sử nhân loại

Salvato in:
Dettagli Bibliografici
Altri autori: Mai Quảng Đỗ Đức Thịnh (Tham gia biên soạn), Hoàng Đình Trực Nguyễn Chu Dương
Natura: Libro
Lingua:Vietnamese
Pubblicazione: H. Nxb. Thế giới 2003
Tags: Aggiungi Tag
Nessun Tag, puoi essere il primo ad aggiungerne! !
Thư viện lưu trữ: Mạng thư viện Đại học Đà Nẵng
LEADER 00795nam a2200265 4500
001 000015783
003 12166
005 20120605090630.0
008 120605s2003 viesd
020 |c 86000 
041 0 |a vie 
082 |a 909  |b Pha 
245 0 |a Phác thảo lịch sử nhân loại  |c Mai Quảng, Đỗ Đức Thịnh, Hoàng Đình Trực, Nguyễn Chu Dương 
260 |a H.  |b Nxb. Thế giới  |c 2003 
300 |a 779 tr.  |c 21 cm 
700 |a Mai Quảng  |a Đỗ Đức Thịnh  |e Tham gia biên soạn 
700 |a Hoàng Đình Trực  |a Nguyễn Chu Dương 
OWN |a LSP 
999 |a From the UDN01 
TYP |a Monograph 
TYP |a Printed language 
980 |a Mạng thư viện Đại học Đà Nẵng